Detalles MARC
| 000 -LÍDER |
| Campo fijo de descripción fija |
02083aam a2200325 i 4500 |
| 001 - NÚMERO DE CONTROL |
| Campo de control |
768714001 |
| 003 - IDENTIFICADOR DEL NÚMERO DE CONTROL |
| Campo de control |
CO-MdFUSB |
| 005 - FECHA Y HORA DE LA ULTIMA TRANSACCIÓN |
| control field |
20220204162132.0 |
| 007 - CAMPO FIJO DE DESCRIPCIÓN FIJA--INFORMACIÓN GENERAL |
| Campo fijo de descripción fija |
ta |
| 008 - ELEMENTOS DE LONGITUD FIJA -- INFORMACIÓN GENERAL |
| Campo fijo de descripción fija -- Información general |
220204t1945 -us |||| |||| 00| 0 eng d |
| 020 ## - NÚMERO INTERNACIONAL NORMALIZADO PARA LIBROS |
| Número Internacional Normalizado del libro |
[No incluye ISBN] |
| 040 ## - FUENTE DE CATALOGACIÓN |
| Idioma de catalogación |
spa. |
| Agencia de catalogación original |
CO-MdFUSB |
| Agencia que realiza la transcripción |
CO-MdFUSB |
| Agencia que realiza la modificación |
CO-MdFUSBC |
| Convenciones de la descripción |
rda |
| 041 ## - CÓDIGO DE IDIOMA |
| Código de idioma para texto/pista de sonido o título separado |
eng |
| 082 04 - NÚMERO DE CLASIFICACIÓN DECIMAL DEWEY |
| Número de clasificación |
250.5 |
| Número de la edición del Dewey |
23 |
| Clave de autor-Numero de item |
B6325p |
| 100 1# - ASIENTO PRINCIPAL--NOMBRE PERSONAL |
| Nombre personal |
Blackwood, Andrew Watterson (1882-) |
| Término relacionador |
autor |
| 245 10 - TÍTULO |
| Título del Material |
Pastoral Work : |
| Parte restante del título - Subtitulo |
a source book for ministers |
| Mención de responsabilidad, etc. |
/ Andrew Watterson Blackwood |
| 264 #1 - PRODUCCIÓN, PUBLICACIÓN, DISTRIBUCIÓN, MANUFACTURA, Y COPYRIGHT |
| Lugar de producción, publicación, distribución, manufactura |
Estados Unidos : |
| Nombre del productor, publicador, distribuidor |
The Westminster Press, |
| Fecha de producción, publicación, distribución, manufactura, o copyright |
[1945] |
| 264 #4 - PRODUCCIÓN, PUBLICACIÓN, DISTRIBUCIÓN, MANUFACTURA, Y COPYRIGHT |
| Fecha de producción, publicación, distribución, manufactura, o copyright |
© 1945 |
| 300 ## - DESCRIPCIÓN FÍSICA |
| Extensión |
252 páginas |
| Dimensiones |
; 21 cm |
| 336 ## - TIPO DE CONTENIDO |
| Término de tipo de contenido |
texto |
| Código de tipo de contenido |
txt |
| Fuente |
rdacontent |
| 337 ## - TIPO DE MEDIO |
| Fuente |
rdamedia |
| Nombre del tipo de medio |
sin mediación |
| Código del tipo de medio |
n |
| 338 ## - TIPO DE SOPORTE |
| Fuente |
rdacarrier |
| Nombre del tipo de soporte |
volumen |
| Código Tipo de soporte |
nc |
| 505 ## - NOTA DE CONTENIDO |
| Título |
Parte uno. Formas básicas de la pastoral:<br/> |
| Nota de contenido con formato preestablecido |
El redescubrimiento de la necesidad -- El ministro después de la guerra -- Las dificultades del trabajo -- Los primeros días en un campo nuevo -- La elaboración de un plan general -- El lugar de la esposa de un pastor -- El llamado en un hogar típico -- La sabiduría de ofrecer oración -- La lectura de la Biblia -- El arte de ganar niños -- Las formas de atraer a los hombres -- Los reclamos de la habitación del enfermo -- La difícil situación de los amigos encerrados -- El ministerio a los afligidos -- El hábito de llevar registros.<br/> |
| 505 ## - NOTA DE CONTENIDO |
| Título |
Parte 2: Otros tipos de trabajo pastoral:<br/> |
| Nota de contenido con formato preestablecido |
La utilidad de una bolsa de equipo -- La ayuda de un cartero -- La bendición de una nueva casa -- La preocupación por los recién llegados -- Las aperturas para el evangelismo -- El trato de casos especiales -- El manejo de los problemas morales -- La actitud ante los enredos sexuales -- El valor de una "hora de pastor" -- El servidor de la comunidad --El trabajo de un asalariado asistente. -- El reclutamiento de visitantes laicos -- El aumento de la asistencia a la iglesia -- Las recompensas del trabajo pastoral. |
| 563 ## - NOTA DE ENCUADERNACIÓN |
| Nota de encuadernación |
Rústico |
| 650 #7 - ASIENTO SECUNDARIO DE MATERIA - TERMINO TEMÁTICO |
| Término temático o nombre geográfico como elemento de entrada |
Teología pastoral |
| 9 (RLIN) |
227 |
| 942 ## - TIPO DE MATERIAL (KOHA) |
| Tipo de Item KOHA |
Libros General |
| 945 ## - INFORMACIÓN LOCAL DEL REGISTRO |
| Catalogador |
JTF-925 |